[Event "Portugal Open 2019"]
[Site "Lisbon"]
[Date "2019.02.03"]
[Round "3.32"]
[White "Tryggestad, Andreas Garberg"]
[Black "Leao, Tiago Miguel Da Sil"]
[Result "1/2-1/2"]
[WhiteElo "2351"]
[BlackElo "2084"]
[Annotator "NA RC"]
[PlyCount "86"]
[EventDate "2019.01.25"]
[EventType "swiss"]
[EventCountry "POR"]
[SourceTitle "playchess.com"]
[Source "ChessBase"]
[SourceQuality "1"]
[TimeControl "5400+30"]

1. d4 {[%emt 0:00:00]} Nf6 {[%emt 0:01:07]} 2. c4 {[%emt 0:00:00]} e6 {[%emt 0:01:16]} 3. Nf3 {[%emt 0:00:01]} d5 {[%emt 0:00:04]} 4. Nc3 {[%emt 0:00:04]} c6 {[%emt 0:01:07]} 5. g3 {[%emt 0:00:08]} Bd6 {[%emt 0:02:20]} 6. Bg2 {[%emt 0:00:10]} O-O {[%emt 0:00:16]} 7. O-O {[%emt 0:00:06]} Nbd7 {[%emt 0:00:22]} 8. Qd3 {[%emt 0:02:13]} h6 {[%emt 0:09:12]} 9. b3 {[%emt 0:04:40]} Qe7 {[%emt 0:04:35]} 10. e4 {[%emt 0:02:17]} dxe4 {[%emt 0:07:03]} 11. Nxe4 {[%emt 0:00:03]} e5 {[%emt 0:00:57]} ({Black should try} 11... Nxe4 $14 12. Qxe4 e5) 12. dxe5 {[%emt 0:02:50]} Bxe5 {[%emt 0:02:07]} 13. Nxe5 {[%emt 0:00:48]} Nxe5 {[%emt 0:00:30]} 14. Qd6 {[%emt 0:01:34]} Qxd6 {[%emt 0:09:30]} 15. Nxd6 {[%emt 0:00:02]} Rd8 {[%emt 0:02:28]} 16. Nxc8 {[%emt 0:00:39]} Raxc8 {[%emt 0:00:29]} 17. Be3 {[%emt 0:03:25]} Nfg4 {[%emt 0:11:11]} (17... b6 $14) 18. Bxa7 {[%emt 0:00:44]} Ra8 {[%emt 0:01:38]} 19. Bb6 {[%emt 0:03:58]} Rd2 {[%emt 0:03:24]} 20. h3 {[%emt 0:04:56]} Nd7 {[%emt 0:03:06]} 21. Bc7 {[%emt 0:01:15]} Ngf6 {[%emt 0:04:49]} 22. a4 {[%emt 0:13:43]} Nc5 {[%emt 0:03:26]} 23. b4 {[%emt 0:00:35]} Ne6 {[%emt 0:08:46]} 24. Bb6 {[%emt 0:14:21]} Rc2 {[%emt 0:00:56]} 25. c5 {[%emt 0:02:46]} Nd4 {[%emt 0:01:10]} 26. Rfd1 {[%emt 0:06:27]} Ne2+ {[%emt 0:02:42]} 27. Kf1 {[%emt 0:00:37]} Nc3 {[%emt 0:00:20]} 28. Rdc1 {[%emt 0:11:11]} ({White should try} 28. Rac1 $14 Rxc1 29. Rxc1) 28... Rxa4 {[%emt 0:01:21]} 29. Bf3 {[%emt 0:02:00]} Rxa1 {[%emt 0:03:53]} 30. Rxa1 {[%emt 0:00:01]} Nfe4 {[%emt 0:00:07]} 31. Ra8+ {[%emt 0:01:54]} Kh7 {[%emt 0:00:05]} 32. Bxe4+ {[%emt 0:00:05]} Nxe4 {[%emt 0:00:03]} 33. Rb8 {[%emt 0:00:25]} Rxf2+ {[%emt 0:00:36]} 34. Ke1 {[%emt 0:00:08]} Rf6 {[%emt 0:08:06]} 35. Rxb7 {[%emt 0:05:52]} Nxg3 {[%emt 0:02:22]} 36. Bd8 {[%emt 0:01:46] [#]} Re6+ $1 {[%emt 0:01:12]} 37. Kf2 {[%emt 0:02:42]} Ne4+ {[%emt 0:00:55]} 38. Kf3 {[%emt 0:00:17]} Kg6 {[%emt 0:03:05]} 39. Rd7 {[%emt 0:00:55]} Nc3 {[%emt 0:00:45]} 40. Rd2 {[%emt 0:00:52]} (40. Rd6 $17 {was worth a try.}) 40... Kf5 {[%emt 0:00:58]} (40... f6 $19 41. Rd3 Nb5) 41. Rd7 {[%emt 0:00:06]} Kg6 $11 {[%emt 0:00:06]} (41... Re8 $17 42. Bb6 Rf8) 42. Rd2 {[%emt 0:00:27]} Kf5 {[%emt 0:00:09]} 43. Rd7 {[%emt 0:00:12]} Kg6 {[%emt 0:00:31]} 1/2-1/2

[Event "Portugal Open 2019"]
[Site "Lisbon"]
[Date "2019.02.03"]
[Round "3.33"]
[White "Aguera Naredo, Javier"]
[Black "Harshal, Shahi"]
[Result "1-0"]
[WhiteElo "2346"]
[BlackElo "2064"]
[Annotator "TA"]
[PlyCount "97"]
[EventDate "2019.01.25"]
[EventType "swiss"]
[EventCountry "POR"]
[SourceTitle "playchess.com"]
[Source "ChessBase"]
[SourceQuality "1"]

{[%evp 12,97,39,35,43,25,32,36,31,29,47,45,87,91,93,61,85,77,117,117,116,113,113,119,130,128,150,114,149,161,160,151,154,149,146,124,136,119,114,90,90,90,90,90,90,90,90,90,90,90,90,90,90,90,97,87,97,46,46,46,56,39,122,39,283,250,279,279,267,270,243,118,5220,5214,29982,29983,29983,175,215,212,218,44,29992,29990,29990,29991,29995,29996]} 1. e4 c5 2. Nf3 Nc6 $146 (2... e6 3. d4 cxd4 4. Nxd4 {½-½ (64) Fernandez Garcia,J (2433)-Shankland,S (2581) Barcelona 2012}) ({Predecessor:} 2... e6 3. Nc3 Nc6 4. d4 cxd4 {1-0 (56) Fernando,D (2440)-Rocha,S (2409) Vila Real 2005}) 3. d4 cxd4 4. Nxd4 e6 5. Nc3 Qc7 6. g3 Nf6 7. Ndb5 Qb8 $1 {B47: Sicilian: Taimanov: 5 Nc3 Qc7 6 f4, 6 g3 and 6 Be2} 8. Bf4 e5 (8... Ne5 9. Be2 Bc5 10. Bxe5 Qxe5 11. f4 Qb8 12. e5 a6 13. exf6 axb5 14. Ne4 Bf8 15. Qd4 {½-½ (64) Fernandez Garcia,J (2433)-Shankland,S (2581) Barcelona 2012}) 9. Bg5 {Threatens to win with Bxf6.} a6 {White is slightly better.} 10. Bxf6 axb5 11. Bg5 b4 12. Nd5 $36 {[%mdl 2048] White is on the roll.} Bc5 13. Bc4 {aiming for Qh5.} b5 ({Predecessor:} 13... d6 14. Qh5 Be6 15. Nf6+ gxf6 16. Bxe6 {1-0 (56) Fernando,D (2440)-Rocha,S (2409) Vila Real 2005}) 14. Bxb5 h6 15. Be3 $1 {[%cal Re3c5]} ({Weaker is} 15. Qh5 Nd4 $11) 15... Bxe3 16. fxe3 O-O 17. Qe2 Kh7 18. O-O Ra5 19. Bc4 Qa7 20. c3 bxc3 21. Nxc3 ({Don't do} 21. bxc3 $6 d6 $16) 21... Ba6 22. Bxa6 Rxa6 23. Rad1 Rb6 24. b3 f6 25. Nb5 Qa6 26. Rxd7 {And now Qg4 would win.} Qxb5 27. Qg4 {[%csl Gd7][%cal Rg4g7]} Rg8 28. Rxf6 $1 Ne7 29. Rxb6 Qxb6 30. Rxe7 Qxe3+ $16 {[%mdl 4096] Endgame KQR-KQR} 31. Kg2 {Black must now prevent Kh3.} Qd2+ 32. Kh3 {a4 is the strong threat.} Qxa2 33. Qf5+ Kh8 34. Rxe5 ({White should try} 34. Qf7 $16) 34... Qxb3 $14 35. Re7 Qb8 36. e5 Re8 (36... Qb5 $14) 37. Rf7 ({White should play} 37. Rxe8+ $1 $16 Qxe8 38. e6) 37... Kg8 $2 (37... Qb5 $14) 38. e6 $18 Qc8 39. Rd7 {White wants to mate with Qf7+.} Kh8 40. Qg6 {[%csl Gd7][%cal Rg6g7]} Rg8 41. Rf7 (41. Qe4 $18 {is more deadly.}) 41... Qc6 $2 {[%mdl 8192] [#]} (41... Qc5 $16 42. e7 Qe5) 42. Qf5 $1 Qc3 {[#]} 43. e7 $1 Qe3 44. Qd7 $2 (44. Qd5 {mates} Kh7 45. Rf8 Qxe7 46. Rxg8 h5 47. Rd8 Qf6 48. Rd6 Qe7 49. Qxh5+ Kg8 50. Qd5+ Kf8 51. Rd8+ Qxd8 52. Qxd8+ Kf7 53. Qd6) 44... Qe5 {Hoping for ...Qh5+.} 45. Rf5 Qe2 46. Qd6 $2 ({Better is} 46. Rf4 $18) 46... g6 $2 {[%mdl 8192]} (46... Kh7 $14) 47. Qf6+ {White mates.} Kh7 48. Re5 Qc4 49. e8=Q {Accuracy: White = 49%, Black = 46%.} 1-0

[Event "Portugal Open 2019"]
[Site "Lisbon"]
[Date "2019.02.03"]
[Round "3.34"]
[White "Bartel, Michal"]
[Black "Darnell, Anton"]
[Result "1-0"]
[WhiteElo "2306"]
[BlackElo "2039"]
[Annotator "NA RC"]
[PlyCount "73"]
[EventDate "2019.01.25"]
[EventType "swiss"]
[EventCountry "POR"]
[SourceTitle "playchess.com"]
[Source "ChessBase"]
[SourceQuality "1"]
[TimeControl "5400+30"]

{[%evp 16,71,8,13,-3,6,12,0,32767,32767,32767,32767,32767,32767,64,68,68,68,73,63,66,64,32767,72,69,37,32767,32767,32767,32767,32767,32767,94,124,125,102,106,32767,32767,152,32767,32767,32767,32767,32767,32767,32767,32767,32767,470,32767,538,554,866,485,971,887,1069]} 1. e4 {[%emt 0:01:25]} ({Predecessor:} 1. d4 e6 {½-½ (19) Niermann,R (2116)-Bachofner,A (2240) Vienna 2009}) 1... e6 {[%emt 0:00:00]} 2. d4 {[%emt 0:00:03]} d5 {[%emt 0:00:03]} 3. Nc3 {[%emt 0:00:06]} Bb4 {[%emt 0:00:08]} 4. e5 {[%emt 0:00:34]} b6 {[%emt 0:00:10]} 5. Qg4 {[%emt 0:03:46]} Bf8 {[%emt 0:00:11]} 6. f4 {[%emt 0:03:10]} Qd7 $146 {[%emt 0:00:39] C16: French: 3 Nc3 Bb4 4 e5: Lines without ...c5} ({Predecessor:} 6... Ne7 7. Bd3 (7. Nf3 {½-½ (19) Niermann,R (2116)-Bachofner,A (2240) Vienna 2009}) 7... Ba6 8. Bxa6 Nxa6 9. Qe2 Nb4 10. a3 Nbc6 11. Nf3 Nf5 12. Be3 h5 13. O-O Qd7 14. Bf2 {½-½ (46) Arjun,K (2269)-Malakhatko,V (2514) Chennai 2017}) 7. Nf3 {[%emt 0:01:18]} Ne7 {[%emt 0:01:28]} 8. Ne2 {[%emt 0:02:51]} Ba6 {[%emt 0:16:20]} 9. Ng3 {[%emt 0:00:38]} Bxf1 {[%emt 0:00:25]} 10. Rxf1 {[%emt 0:00:06]} g6 {[%emt 0:03:20]} ({Predecessor:} 10... a6 11. Ng5 h6 12. Nf3 Nbc6 13. c3 Nf5 14. Nxf5 exf5 15. Qh4 Be7 16. Qf2 Nd8 17. h3 h5 18. Qe2 Ne6 19. Be3 a5 {½-½ (19) Niermann,R (2116)-Bachofner,A (2240) Vienna 2009}) 11. Qh4 {[%emt 0:02:12]} Nf5 {[%emt 0:20:44]} 12. Nxf5 {[%emt 0:00:19]} gxf5 {[%emt 0:00:14]} 13. Be3 {[%emt 0:04:45]} Nc6 {[%emt 0:08:57]} 14. O-O-O {[%emt 0:04:49]} Ne7 {[%emt 0:10:04]} 15. Qh5 {[%emt 0:03:47]} Ng6 {[%emt 0:06:07]} 16. h3 {[%emt 0:00:22]} O-O-O {[%emt 0:00:33]} 17. g4 {[%emt 0:00:06]} Be7 {[%emt 0:02:20]} 18. Rg1 {[%emt 0:03:30]} f6 {[%emt 0:04:46]} 19. Kb1 {[%emt 0:09:19]} Kb7 {[%emt 0:00:13]} 20. Rd2 {[%emt 0:06:10]} Rdf8 {[%emt 0:02:01]} 21. gxf5 {[%emt 0:00:33]} exf5 {[%emt 0:00:17]} 22. Rc1 {[%emt 0:04:24]} c5 {[%emt 0:13:44]} 23. c4 {[%emt 0:10:16]} fxe5 {[%emt 0:01:47]} 24. fxe5 {[%emt 0:02:15]} f4 {[%emt 0:00:58]} 25. Bf2 {[%emt 0:00:22]} dxc4 {[%emt 0:05:03]} 26. d5 {[%emt 0:05:02]} Rf5 {[%emt 0:01:46]} 27. Qg4 {[%emt 0:00:14]} Rhf8 {[%emt 0:00:36]} 28. Re1 {[%emt 0:00:09]} Bd8 {[%emt 0:00:33]} 29. h4 {[%emt 0:02:57]} Nh8 {[%emt 0:00:31]} 30. e6 {[%emt 0:03:29]} Qd6 {[%emt 0:00:23]} 31. Qg7+ {[%emt 0:00:25]} Be7 {[%emt 0:00:29]} 32. Qxh7 {[%emt 0:00:15]} Kb8 {[%emt 0:00:37]} 33. Red1 {[%emt 0:04:04]} b5 {[%emt 0:00:27] [#]} 34. Bxc5 $18 {[%emt 0:02:08]} Qxc5 {[%emt 0:00:09]} 35. d6 {[%emt 0:00:01]} Bxd6 {[%emt 0:00:21]} 36. Rxd6 {[%emt 0:00:04]} Rh5 {[%emt 0:01:03]} 37. Rd8+ {[%emt 0:00:06]} 1-0

[Event "Portugal Open 2019"]
[Site "Lisbon"]
[Date "2019.02.03"]
[Round "3.35"]
[White "Fernandes, Alberto"]
[Black "Chylewski, Patryk"]
[Result "0-1"]
[WhiteElo "2072"]
[BlackElo "2304"]
[Annotator "NA RC"]
[PlyCount "87"]
[EventDate "2019.01.25"]
[EventType "swiss"]
[EventCountry "POR"]
[SourceTitle "playchess.com"]
[Source "ChessBase"]
[SourceQuality "1"]
[TimeControl "5400+30"]

{[%evp 8,77,8,32767,32767,-2,5,2,10,32767,3,6,18,4,32767,32767,32767,32767,32767,32767,32767,32767,32767,32767,-28,-14,0,32767,0,-16,-4,0,0,-2,0,6,0,32767,32767,32767,32767,32767,6,-7,45,-5,31,-17,32767,32767,32767,32767,32767,32767,32767,-114,32767,-110,-112,-110,-125,-115,32767,-158,-168,-179,32767,32767,-178,32767,32767,-179]} 1. b3 d5 2. Bb2 Bg4 3. h3 Bh5 4. g3 c6 5. Bg2 Nd7 6. Nf3 Ngf6 7. O-O Qc7 {LiveBook: 3 Games} 8. d4 e6 9. Nbd2 a5 10. a4 Bb4 11. c4 O-O 12. Rc1 Rfe8 13. Ne5 Nxe5 14. dxe5 Nd7 15. f4 Qb6+ 16. Kh2 Bg6 17. Nf3 Be4 18. Ng5 Bxg2 19. Kxg2 h6 20. Nf3 Rad8 21. Qc2 Bc5 22. Rcd1 Be7 23. Nd4 dxc4 24. Qxc4 Qc5 25. Qxc5 Bxc5 26. Kf3 Bb4 27. Rc1 Nc5 28. Rfd1 Rd5 29. Bc3 Red8 30. Bxb4 axb4 31. Re1 Nd3 32. exd3 Rxd4 33. Rc4 Rxd3+ 34. Re3 R8d4 35. Rc2 Rd1 36. h4 $19 h5 37. Ke2 Rh1 38. Rc5 Rh2+ 39. Kf3 Rhd2 40. Rc1 Kh7 41. Re4 R4d3+ 42. Re3 Rxe3+ 43. Kxe3 Rb2 44. Kd4 0-1

[Event "Portugal Open 2019"]
[Site "Lisbon"]
[Date "2019.02.03"]
[Round "3.36"]
[White "Chinguun, Sumiya"]
[Black "Soares, Luis Francisco Alme"]
[Result "1-0"]
[WhiteElo "2286"]
[BlackElo "2036"]
[Annotator "TA"]
[PlyCount "94"]
[EventDate "2019.01.25"]
[EventType "swiss"]
[EventCountry "POR"]
[SourceTitle "playchess.com"]
[Source "ChessBase"]
[SourceQuality "1"]

{[%evp 21,94,31,37,4,5,-24,35,31,32,20,28,27,30,25,25,9,33,19,88,78,89,92,145,111,110,99,245,243,262,262,375,376,369,369,333,319,341,329,1596,1426,1613,589,685,500,517,514,496,504,496,488,524,493,503,468,504,467,777,769,760,745,692,693,667,663,837,822,740,733,842,842,837,831,816,816,985]} 1. e4 c5 2. Nf3 Nc6 3. d4 cxd4 4. Nxd4 e5 5. Nb5 d6 6. N1c3 a6 7. Na3 b5 8. Nd5 Nge7 9. c4 Nd4 ({Predecessor:} 9... Nxd5 10. cxd5 Nd4 {0-1 (55) Chura,J-Nedela,V Czechoslovakia 1990}) 10. Be3 Nxd5 11. cxd5 Be7 12. Bxd4 $146 {B32: Sicilian: Löwenthal and Kalashnikov Variations} (12. Bd3 {seems wilder.} O-O 13. O-O Bd7 14. f4 Bf6 15. Bxd4 exd4 16. Nc2) (12. Bd3 O-O 13. O-O Bd7 14. Qd2 Rc8 15. f4 f5 16. Bxd4 fxe4 17. Bxe4 exd4 18. Nc2 Bf6 19. Nb4 a5 20. Nc6 Bxc6 21. dxc6 {1-0 (34) Sprenger,J (2510)-Boguslavsky,O (2454) Germany 2016}) 12... exd4 13. Nc2 Bf6 ({Better is} 13... Qa5+ $11 14. b4 Qc7) 14. Bd3 $14 {White is slightly better.} O-O 15. O-O Qb6 16. f4 g6 17. Qe2 ({Predecessor:} 17. Qf3 Bd7 18. Rae1 Rae8 19. g4 h6 {0-1 (55) Chura,J-Nedela,V Czechoslovakia 1990}) 17... Bd7 18. Ne1 Rac8 19. Kh1 h5 (19... Bg7 $11) 20. h3 $16 Rfe8 21. Qf3 {Threatens to win with e5!} Rf8 {[#]} (21... Re7 $142) 22. Qg3 $1 Qd8 23. Nf3 b4 (23... Bg7 $16 {was called for.}) 24. e5 $18 (24. Bxa6 $6 Rc5 $16) 24... Bg7 25. e6 (25. Bxa6 Rc5 $16) (25. Nxd4 $6 Be8 $16) (25. exd6 Rc5 $16) 25... fxe6 (25... Bb5 $142) 26. Qxg6 {[#] Qh7+ is the strong threat.} Rf6 27. Qh7+ Kf8 28. dxe6 (28. Bxa6 Rc5 $18) ({Less strong is} 28. Nxd4 Rh6 $16) (28. Qxh5 Qe8 $18) 28... Bxe6 29. Ng5 ({Not} 29. Bxa6 Bf5 $18) ({Don't take} 29. Qxh5 Rh6 $18) 29... Bc4 $2 (29... Bf7 30. Nxf7 Rxf7) 30. Bxc4 {Threatening mate with Qg8+.White is clearly winning.} Rxc4 31. Qxh5 (31. f5 $142 Qc8 32. Ne6+ {[%mdl 64] Double Attack} Ke8 33. Nxg7+ Kd7 34. Nxh5+ {[%mdl 64] Discovered Attack} Kc6 35. Nxf6) 31... Rc5 32. Nh7+ Kg8 33. Nxf6+ Qxf6 34. Qe8+ Kh7 35. Qe4+ Kh8 36. Rad1 a5 37. Qd3 Rf5 38. Rc1 Rxf4 (38... Rc5 $142 39. Rce1 Qf5 40. Re8+ Kh7) 39. Rc8+ Bf8 40. Rxf4 Qxf4 41. Qf3 Qxf3 42. gxf3 {[%mdl 4096] Endgame KR-KB} Kg8 43. Kg2 Kf7 44. Kf2 Bh6 45. Ke2 Ke6 46. Kd3 Be3 47. Ra8 Kd5 {Accuracy: White = 71%, Black = 30%.} 1-0

[Event "Portugal Open 2019"]
[Site "Lisbon"]
[Date "2019.02.03"]
[Round "3.37"]
[White "Gjestemoen-VonHirsch, Andre"]
[Black "Risting, Eivind Olav"]
[Result "1/2-1/2"]
[WhiteElo "2038"]
[BlackElo "2282"]
[Annotator "NA RC"]
[PlyCount "49"]
[EventDate "2019.01.25"]
[EventType "swiss"]
[EventCountry "POR"]
[SourceTitle "playchess.com"]
[Source "ChessBase"]
[SourceQuality "1"]
[TimeControl "5400+30"]

1. d4 Nf6 2. Bf4 d5 3. e3 c5 4. c3 Nc6 5. Nd2 Bf5 6. Qb3 Qc8 7. Ngf3 c4 8. Qd1 e6 9. Nh4 Be7 10. Be2 O-O 11. O-O b5 12. Nxf5 exf5 13. Qc2 Qe6 14. b3 h6 15. a4 a6 16. axb5 axb5 17. bxc4 bxc4 18. h3 g5 19. Bh2 $11 f4 {[#]} 20. Rae1 $1 fxe3 21. Bd1 exf2+ 22. Kxf2 Qd7 23. Kg1 Rae8 24. Be5 Nxe5 25. dxe5 1/2-1/2

[Event "Portugal Open 2019"]
[Site "Lisbon"]
[Date "2019.02.03"]
[Round "3.38"]
[White "Pacan-Milej, Kosma"]
[Black "Costa, Fabio Filipe"]
[Result "1-0"]
[WhiteElo "2273"]
[BlackElo "1279"]
[Annotator "TA"]
[PlyCount "49"]
[EventDate "2019.01.25"]
[EventType "swiss"]
[EventCountry "POR"]
[SourceTitle "playchess.com"]
[Source "ChessBase"]
[SourceQuality "1"]

{[%evp 19,49,12,29,14,19,17,13,0,0,0,0,0,0,0,0,0,28,14,29,29,117,38,506,506,500,488,861,844,1654,1523,1444,1211]} 1. d4 Nf6 2. c4 e6 3. Nf3 Bb4+ 4. Bd2 Be7 5. Nc3 d5 6. Qc2 $146 ({Predecessor:} 6. e3 O-O 7. Bd3 dxc4 8. Bxc4 b6 9. O-O Bb7 10. Qc2 {0-1 (46) Knopf,R (1808)-Schoeffler,H (2021) Berlin 2003}) 6... O-O 7. e3 Nbd7 8. Bd3 dxc4 9. Bxc4 b6 10. O-O Bb7 11. e4 {D37: Queen's Gambit Declined: 5 Bf4} c5 {[#] aiming for ...cxd4.} 12. d5 $1 {[%cal Rd5e6]} ({Predecessor:} 12. e5 Ng4 13. h3 cxd4 14. hxg4 Bxf3 15. gxf3 dxc3 16. Bxc3 Qc7 17. Qe2 Bg5 18. Bd3 g6 {0-1 (46) Knopf,R (1808)-Schoeffler,H (2021) Berlin 2003}) 12... exd5 13. exd5 {The position is equal.} Bd6 14. Rfe1 a6 15. a4 Qc7 16. Qf5 Rfe8 17. Bg5 Bc8 18. Qd3 $36 {[%mdl 2048] White has the initiative.} Rxe1+ 19. Rxe1 g6 (19... h6 $11 20. Bh4 Bb7) 20. Bh4 (20. g3 $16) 20... Ne5 $2 {[%mdl 8192]} (20... Bb7 $14) 21. Nxe5 $18 {White is clearly winning.} Bxe5 {[#]} 22. d6 $1 {[%mdl 576] Deflection} Bxd6 (22... Qxd6 $142 23. Qxd6 Bxd6 24. Bxf6 Be6) 23. Bxf6 Bxh2+ 24. Kh1 {[%cal Re1e8]} Bf5 25. Qd5 {Accuracy: White = 69%, Black = 29%.} 1-0

[Event "Portugal Open 2019"]
[Site "Lisbon"]
[Date "2019.02.03"]
[Round "3.39"]
[White "Romano, Joao"]
[Black "Sande Edreira, Jose Antonio"]
[Result "1/2-1/2"]
[WhiteElo "2052"]
[BlackElo "2244"]
[Annotator "TA"]
[PlyCount "123"]
[EventDate "2019.01.25"]
[EventType "swiss"]
[EventCountry "POR"]
[SourceTitle "playchess.com"]
[Source "ChessBase"]
[SourceQuality "1"]

{[%evp 15,123,57,46,42,43,52,46,19,83,60,77,77,55,32,31,0,0,-11,70,69,79,81,89,75,92,101,74,26,25,24,32,0,0,-2,0,-12,-12,-7,-2,-11,0,0,0,0,0,0,0,0,0,-61,0,0,0,-81,-87,-92,-82,-77,-36,-37,-8,-8,-8,-10,-8,-14,-8,-8,-8,-8,-8,-8,-8,-8,-8,-8,-8,-8,-8,-8,-8,-8,-8,-8,-8,-8,-8,-8,0,0,0,-8,0,0,0,0,0,0,0,0,0,0,0,-8,0,0,0,-8,0,0]} 1. d4 Nf6 2. g3 g6 3. Bg2 Bg7 4. e4 d6 5. Nc3 O-O 6. Nge2 c5 7. dxc5 dxc5 8. Qxd8 Rxd8 9. e5 {B07: Pirc Defence: Miscellaneous Systems} (9. Be3 Na6 10. h3 e5 11. g4 b6 12. g5 Ne8 13. Nd5 Nb4 14. O-O-O Nxd5 15. exd5 Nd6 16. Nc3 Bf5 17. h4 {0-1 (41) Stupak,K (2531)-Amonatov,F (2591) St Petersburg 2015}) 9... Ne8 10. f4 f6 11. exf6 {White is slightly better.} exf6 $146 (11... Nxf6 $11 {remains equal.} 12. Be3 Na6) ({Predecessor:} 11... Nxf6 12. Be3 Na6 13. a3 Rb8 14. Rd1 Rxd1+ 15. Kxd1 b5 16. Kc1 Ng4 {1-0 (35) Dobrowolski,P (2421)-Kashlinskaya,A (2303) Marianske Lazne 2009}) 12. Bd2 Nd6 13. O-O-O Na6 14. Bd5+ Kf8 15. Be3 Bg4 {And now ...Re8 would win.} 16. Bf2 Rac8 (16... Re8 $1 $11 17. Rhe1 Rad8) 17. h3 $14 Bd7 18. Bg2 Bc6 19. Bxc6 Rxc6 20. Nb5 f5 21. Nec3 ({Much weaker is} 21. Nxa7 Rb6 $15) 21... Bxc3 $1 22. Nxc3 Re8 23. Rhe1 Rxe1 24. Rxe1 Nc7 25. Re5 b6 26. g4 Nf7 27. Re2 fxg4 28. hxg4 Nh6 29. g5 Nf5 30. Be1 Re6 31. Rxe6 Nxe6 $11 {[%mdl 4096] Endgame KBN-KNN} 32. Nd5 (32. Bd2 $11) 32... Kf7 (32... Ne7 $15 33. Nxe7 Kxe7) 33. Bc3 Ne7 34. Nf6 (34. Nxe7 $11 {keeps the balance.} Kxe7 35. Be5) 34... Nxf4 $17 35. Kd2 Ned5 {...Nxf6 is the strong threat.} 36. Nxh7 Nh5 37. Be5 Kg8 38. c4 {The position is equal.} Nb4 (38... Ne7 $5 39. Nf6+ $8 Kf7 $11) 39. a3 Nc6 $1 {[%cal Rc6e5]} 40. Nf6+ Nxf6 41. Bxf6 $11 {KB-KN} Kf7 42. Kc3 Ke6 43. b4 Kd6 44. Bg7 Nd8 45. Bf8+ Kc6 46. bxc5 bxc5 47. Kd3 Nf7 48. Be7 Ne5+ 49. Kc3 a6 50. Bf6 Kd6 51. Bg7 Nd7 52. Kd3 a5 53. a4 Ke6 54. Kc2 Ne5 55. Bf8 Nxc4 56. Bxc5 Kd5 57. Be7 Nb6 58. Kb3 Nc4 59. Bd8 Kd4 60. Bf6+ Kd5 61. Bd8 Kd4 62. Bf6+ {Accuracy: White = 60%, Black = 63%.} 1/2-1/2

[Event "Portugal Open 2019"]
[Site "Lisbon"]
[Date "2019.02.03"]
[Round "3.40"]
[White "Gentes Benito, Angel"]
[Black "Krishna Teja, N."]
[Result "0-1"]
[WhiteElo "1907"]
[BlackElo "2391"]
[Annotator "TA"]
[PlyCount "74"]
[EventDate "2019.01.25"]
[EventType "swiss"]
[EventCountry "POR"]
[SourceTitle "playchess.com"]
[Source "ChessBase"]
[SourceQuality "1"]

{[%evp 12,74,23,16,31,6,21,-13,-12,-26,-11,-14,-7,-18,-18,-14,-12,-13,-9,-19,-22,-21,-7,-8,0,-25,-29,-35,-25,-35,-20,-34,-24,-31,-29,-19,-17,-19,27,0,40,-152,-88,-189,-150,-172,0,-17,0,-98,0,-102,-89,-258,-162,-972,-1059,-1237,-1231,-1175,-1173,-29994,-29995,-29995,-29996]} 1. e4 c6 2. d4 d5 3. e5 Bf5 4. Nf3 (4. Be2 e6 {½-½ (38) Fressinet,L (2662)-Kasimdzhanov,R (2683) Riadh 2017}) 4... e6 5. Be2 c5 6. O-O (6. c3 Nc6 {½-½ (38) Fressinet,L (2662)-Kasimdzhanov,R (2683) Riadh 2017}) 6... Nc6 7. c3 cxd4 {B12: Caro-Kann: Advance Variation} 8. Nxd4 Nxd4 $146 (8... Nge7 9. Qb3 Qd7 10. f4 Bg6 11. Be3 Nf5 12. Nxf5 Bxf5 13. Nd2 h5 14. Nf3 Be7 15. Rad1 {½-½ (38) Fressinet,L (2662)-Kasimdzhanov,R (2683) Riadh 2017}) ({Predecessor:} 8... Nge7 9. Bg5 Nxd4 {1-0 (25) Frey,H (2346)-Sabas,J (2256) Dos Hermanas 2004}) 9. Qxd4 Ne7 {The position is equal.} 10. Bg5 Qd7 ({Predecessor:} 10... a6 11. c4 Nc6 12. Qh4 Be7 13. Bxe7 Nxe7 14. Rd1 Ng6 15. Qd4 dxc4 16. Qxc4 {1-0 (25) Frey,H (2346)-Sabas,J (2256) Dos Hermanas 2004}) 11. Nd2 Nc6 12. Qe3 h6 13. Bh4 g5 14. Bg3 h5 {Hoping for ...h4.} 15. h4 ({Avoid the trap} 15. Qxg5 $2 h4 $1 $19 {[%mdl 512]}) 15... gxh4 16. Bxh4 Be7 17. Nf3 Bg4 {aiming for ...Bxf3.} 18. Bf6 (18. Bxe7 {with more complications.} Nxe7 19. Rad1 Nf5 20. Qc5 Qe7 21. Qb5+) 18... Bxf6 19. exf6 Bxf3 20. Bxf3 O-O-O 21. b4 Qc7 22. Rfe1 Kb8 23. a4 h4 24. a5 Rdg8 25. Re2 Rg6 26. Rb1 $2 (26. b5 $14 {stays ahead.} Nxa5 27. c4) 26... Rhg8 (26... Rxf6 $142 27. a6 b6) 27. b5 (27. c4 $17) 27... Nxa5 $19 {And now ...Nc4 would win.} 28. Ra2 Nc4 $2 ({Wrong is} 28... Rxf6 $2 29. Rxa5 $1 {[%mdl 512]} b6 30. Ra4 $18) ({Black should try} 28... h3 $19 {[%cal Rg6g2] Threatens to win with ...Rxg2+.} 29. g3 b6) 29. Qxa7+ $11 Kc8 {White must now prevent ...Ne5.} 30. Qd4 (30. b6 $11 {was the only way to keep the balance.} Qc6 31. Rb4) 30... Kd7 {[#]} (30... Qb6 $1 $17 31. Qxb6 Nxb6) 31. Re1 {[#]} (31. Bxd5 $1 $11 {[%mdl 512] remains equal.} exd5 32. Qxd5+ Nd6 33. Rd1 Rxf6 34. c4) 31... Rg5 $1 $36 {[%mdl 2048] Black has strong initiative.} 32. Rae2 $2 (32. Kh1 $17) 32... h3 $1 $19 33. g3 $2 {[#]} (33. Re4) 33... Rxg3+ $1 {[%mdl 576] Demolition} 34. fxg3 Qxg3+ {[%mdl 64] Double Attack} 35. Bg2 Qf3 {[%cal Rg8g2][%mdl 64] Pin} (35... hxg2 $2 36. Qa7 $17) 36. Rf2 Rxg2+ 37. Kf1 {[#]} h2 $1 {[%mdl 512] Accuracy: White = 33%, Black = 59%.} 0-1